000
00340nam a2200145Ia 4500
008
191201s2011 xx 000 0 und d
082
_a
658.5
_b
NEO
100
_a
NELSON, Debra L
245
0
_a
Organizational Behavior
250
_a
Rep
260
_a
N.Delhi
_b
CENGAGE Learning
_c
2011
300
_a
643
650
_a
MBA
942
_2
ddc
_c
BK
_0
1
999
_c
5359
_d
5359